000 00857nam a22003490a 4500
001 PT34217
003 AR-LpoUNG
005 20210131230155.0
008 191001s2006||||ag |||||||||||||||||spa d
020 _a9875034266
_c$3.25
040 _aAR-LpoUNG
_bspa
_cAR-LpoUNG
_eaacr
041 _aspa
044 _aag
082 0 _a982.064 478eze
100 1 _aVerbitsky, Horacio
245 1 0 _aEzeiza
250 _a1ra. ed.
260 _aBuenos Aires :
_bSudamericana - La Página,
_c2006.
300 _a301 p. :
_bfot.
650 4 _aANALISIS HISTORICO
650 4 _aARGENTINA
650 4 _aDOCUMENTOS
650 4 _aHISTORIA POLITICA
650 4 _aIDEOLOGIAS POLITICAS
650 4 _aINVESTIGACION
650 4 _aPARTIDOS POLITICOS
650 4 _aVIOLENCIA
653 _aPERONIMO
653 _aTESTIMONIOS
905 _a34217
942 _cLIB
999 _c1865
_d1865